| 000 | 00690nab a2200193 4500 | ||
|---|---|---|---|
| 001 | 244442 | ||
| 003 | OSt | ||
| 005 | 20230531080414.0 | ||
| 007 | tu | ||
| 008 | 200917s2020||||||| | ||
| 040 |
_aDE-2950 _cDE-2950 |
||
| 245 | 0 | 0 |
_aVietnamesische Küche für die Ferdinandshöfe. _bImmobilien. Alle Wohnungen in dem sanierten Gebäudekomplex in der Gubener Vorstadt sind vermietet. Jetzt wurde auch ein Gastronom für das Kesselhaus gefunden / _cThomas Gutke |
| 264 | _c2023 | ||
| 653 | _aFrankfurt (Oder) | ||
| 653 | _aGubener Straße / Ferdinandshof | ||
| 653 | _aSanierung | ||
| 773 | 0 |
_g34. Jahrgang (2023) Nr. 115 vom 19.05.2023, S. 13: mit Foto _tMärkische Oderzeitung |
|
| 942 |
_2z _cA |
||
| 999 |
_c372475 _d372475 |
||